Culture générale - numéro 2 - Statistiques

Statistiques générales
  • Ce quiz a été pris 163 fois
  • Le résultat moyen est 7 sur 15
Statistiques - réponses
Question Réponse % Correct
Qu'est ce qui doit sortir de la cheminée de La Chapelle Sixtine lorsqu'un pape est élu? Une fumée blanche
86%
De quel poisson est issu le caviar? Esturgeon
76%
Quel Pays a gagné exactement 3 coupes du monde de football? Argentine
71%
comment se prénomme le premier chien à avoir été dans l'espace? Laïka
60%
Quel est le plus grand lac d'Amérique du Sud? Lac Titicaca
59%
Citez l'une des deux espèces de Mammifère ovipare Ornithorynque / Echidné
57%
De combien de côtés est composé un icosagone? 20
55%
Qu'arrache un trichotillomane? Ses poils / cheveux
46%
Comment se nomme l'écuyer de Don Quichotte? Sancho Panza
38%
Quel arbre donne des Coings? Le Cognassier
32%
Comment s'appelle le chef de police dans les Simpsons? Clancy Wiggum
26%
Quelle race de chien tire son nom d'une région historique des Balkans? Dalmatien
26%
De quel métal est principalement composé le filament d'une ampoule? Tungstène
23%
Quelle parodie du prix Nobel est décerné chaque année à des recherches loufoques? Prix Ig-Nobel
12%
Quel philosophe du XVIIème siècle à écrit l'Ethique? Spinoza
10%
Aucun quiz correspondant
Distribution des résultats
% des personnes avec chaque résultat
Percentile par nombre de réponses
Votre historique - résultats
Vous n’avez pas pris ce quiz